| 000 | 00673nam a2200217Ii 4500 | ||
|---|---|---|---|
| 003 | JO-AjNU | ||
| 008 | 230605s9999||||xx |||||||||||||| ||und|| | ||
| 017 | _a1996/7428 | ||
| 020 | _a977-01-4863-6 | ||
| 040 |
_aJO-AjNU _bara _erda _cJO-AjNU |
||
| 041 | _aara | ||
| 050 | 1 | 4 | _aPJ7828.M54 1995 |
| 100 | 3 |
_aتأليف الحمامصي، عبد العال, _eauthor _936579 |
|
| 245 | 0 | 0 | _aمؤلفات |
| 264 | 3 | 1 | _aالقاهرة:الهيئة المصرية العامة للكتاب،1996 |
| 300 | _a467ص | ||
| 336 |
_atext _btxt _2rdacontent |
||
| 337 |
_aunmediated _bn _2rdamedia |
||
| 338 |
_avolume _bnc _2rdacarrier |
||
| 650 | 4 |
_aالأدب العربي _936580 |
|
| 999 |
_aA15210 _c18778 _d18778 |
||